000 00409nam a2200181Ia 4500
001 7938
003 GE_BSU
008 181216s||||||||xx |||||||||||||| ||und||
040 _cGE_BSU
245 _aParis Match, du 29 AU 4 septembre №3354. 2013.
245 _b№3354
245 _cdir.red. O.Royant.
260 _aParis
260 _c2013
300 _a106p;29cm.
653 _aParis Match
942 _cCR
999 _c41283
_d41283